000
00276nam a2200097Ia 4500
008
230915s9999 xx 000 0 und d
050
_a
SB110 .C76 2007
100
_a
SINGH D.P.
245
0
_a
CROP PRODUCTION IN STRESS ENVIRONMENTS & GENETIC AND MANAGEMENT OPTIONS
942
_c
BK
999
_c
201678
_d
201678